<?xml version="1.0" encoding="UTF-8"?><collection xmlns="info:lc/xmlns/marcxchange-v2"><record format="Unimarc" type="bibliographic"><leader>01059nam  000024100 450 </leader><controlfield tag="001">2469148</controlfield><controlfield tag="003">http://id.bnportugal.gov.pt/bib/porbase/2469148</controlfield><datafield ind1=" " ind2=" " tag="010"><subfield code="a">978-88-8492-498-8</subfield><subfield code="b">brochado</subfield><subfield code="d">oferta</subfield></datafield><datafield ind1=" " ind2=" " tag="035"><subfield code="a">unlcsh010.iso/24-05-2012/70836</subfield></datafield><datafield ind1=" " ind2=" " tag="035"><subfield code="a">UNLCSH20110121153353</subfield></datafield><datafield ind1=" " ind2=" " tag="100"><subfield code="a">20110121d2007    k  y0porb0103    ba</subfield></datafield><datafield ind1="0" ind2=" " tag="101"><subfield code="a">eng</subfield></datafield><datafield ind1=" " ind2=" " tag="102"><subfield code="a">IT</subfield></datafield><datafield ind1="1" ind2=" " tag="200"><subfield code="a">Immigration and emigration in historical perspective</subfield><subfield code="f">edited by Ann Katherine Isaacs</subfield></datafield><datafield ind1=" " ind2=" " tag="210"><subfield code="a">Pisa</subfield><subfield code="c">Plus - Pisa University Press</subfield><subfield code="d">imp. 2007</subfield></datafield><datafield ind1=" " ind2=" " tag="215"><subfield code="a">218 p.</subfield><subfield code="c">il. e 6 tabelas e 1 mapa</subfield><subfield code="d">27 cm</subfield></datafield><datafield ind1=" " ind2=" " tag="300"><subfield code="a">Contém índice</subfield></datafield><datafield ind1=" " ind2=" " tag="300"><subfield code="a">Transversal theme Migration</subfield></datafield><datafield ind1=" " ind2=" " tag="300"><subfield code="a">Obra publicada com o apoio do Directorate General for Research of the European Commission, Sixth Framework Network of Excellence CLIOHRES.net</subfield></datafield><datafield ind1=" " ind2=" " tag="675"><subfield code="a">314.7(4)(042)</subfield><subfield code="v">BN</subfield><subfield code="z">por</subfield></datafield><datafield ind1=" " ind2="1" tag="702"><subfield code="a">Isaacs</subfield><subfield code="b">Ann Katherine</subfield><subfield code="4">340</subfield></datafield><datafield ind1=" " ind2="0" tag="801"><subfield code="a">PT</subfield><subfield code="b">UNLCSH</subfield><subfield code="g">RPC</subfield></datafield><datafield ind1=" " ind2=" " tag="856"><subfield code="u">http://biblioweb.fcsh.unl.pt/biblionet/webdocs/indicesmonog/hst6825.pdf</subfield><subfield code="z">Índice</subfield></datafield><datafield ind1=" " ind2=" " tag="859"><subfield code="u">http://biblioweb.fcsh.unl.pt/biblionet/webdocs/capas/hst6825.jpg</subfield></datafield></record></collection>